[Event "World School-ch U17 12th"]
[Site "Sochi"]
[Date "2016.12.08"]
[Round "6"]
[White "Naotunna, Dineth Nimnaka"]
[Black "Atabayev, Saparmyrat"]
[Result "0-1"]
[WhiteElo "2028"]
[BlackElo "2414"]
[PlyCount "82"]
[EventDate "2016.12.03"]
[EventType "swiss"]
[EventRounds "9"]
[EventCountry "RUS"]
[SourceTitle "CBM 176 Extra"]
[Source "ChessBase"]
[SourceDate "2017.03.02"]
[SourceVersion "1"]
[SourceVersionDate "2017.03.02"]
[SourceQuality "1"]

1. d4 Nf6 2. Nf3 g6 3. c4 Bg7 4. Nc3 0-0 5. e4 d6 6. Bd3 Bg4 7. Be3 Nc6 8. d5 Ne5 9. Be2 Bxf3 10. gxf3 c6 11. f4 Ned7 12. Qd2 cxd5 13. exd5 a6 14. h4 b5 15. f5 b4 16. Nd1 Ne4 17. Qc1 gxf5 18. Rg1 Kh8 19. f3 Nec5 20. Rxg7 Kxg7 21. Bh6+ Kh8 22. Bxf8 Qxf8 23. Qd2 Qg7 24. Nf2 b3 25. a3 Qg3 26. Qd4+ Qe5 27. 0-0-0 Qxd4 28. Rxd4 Rg8 29. Nd3 Rg2 30. Nxc5 Nxc5 31. Bd1 Kg7 32. Rd2 Rg1 33. Re2 Kf6 34. Kd2 a5 35. h5 a4 36. h6 Rh1 37. Rg2 Rxh6 38. Kc3 Rh1 39. Rd2 h5 40. Kb4 h4 41. f4 h3 0-1

[Event "SRI-ch"]
[Site "Colombo"]
[Date "2016.06.03"]
[Round "8"]
[White "Edirisinghe, Dulan"]
[Black "Naotunna, Dineth Nimnaka"]
[Result "0-1"]
[WhiteElo "2106"]
[BlackElo "1927"]
[PlyCount "76"]
[EventDate "2016.05.27"]
[EventType "tourn"]
[EventRounds "13"]
[EventCountry "SRI"]
[SourceTitle "CBM 172 Extra"]
[Source "ChessBase"]
[SourceDate "2016.06.21"]
[SourceVersion "1"]
[SourceVersionDate "2016.06.21"]
[SourceQuality "1"]

1. e4 e6 2. d4 d5 3. Nc3 Bb4 4. e5 Ne7 5. a3 Bxc3+ 6. bxc3 c5 7. Nf3 Nbc6 8. Bd3 h6 9. h4 Qc7 10. 0-0 c4 11. Be2 Bd7 12. h5 f6 13. exf6 gxf6 14. Re1 0-0-0 15. Bf1 e5 16. Nh2 Rhg8 17. Kh1 Rde8 18. dxe5 fxe5 19. g4 Ref8 20. f3 e4 21. f4 Nd8 22. Be2 Ne6 23. f5 Nf4 24. Bxf4 Qxf4 25. Qd4 Nc6 26. Qxd5 Ne7 27. Qc5+ Bc6 28. Rf1 e3+ 29. Bf3 e2 30. Rf2 Qd2 31. Bxc6 Nxc6 32. Nf3 Qd1+ 33. Kh2 Qxa1 34. Rxe2 Qxc3 35. Kg3 Re8 36. Rd2 Re4 37. Qd5 Rgxg4+ 38. Kh2 Rh4+ 0-1

[Event "SRI-ch"]
[Site "Colombo"]
[Date "2016.06.03"]
[Round "7"]
[White "Naotunna, Dineth Nimnaka"]
[Black "Priyankara, Chamil Y"]
[Result "0-1"]
[WhiteElo "1927"]
[BlackElo "2050"]
[PlyCount "65"]
[EventDate "2016.05.27"]
[EventType "tourn"]
[EventRounds "13"]
[EventCountry "SRI"]
[SourceTitle "CBM 172 Extra"]
[Source "ChessBase"]
[SourceDate "2016.06.21"]
[SourceVersion "1"]
[SourceVersionDate "2016.06.21"]
[SourceQuality "1"]

1. d4 Nf6 2. c4 g6 3. Nc3 Bg7 4. e4 d6 5. Nf3 0-0 6. Be2 Na6 7. Bg5 c5 8. 0-0 cxd4 9. Nxd4 Nc5 10. Bf3 h6 11. Be3 a6 12. b4 Ncd7 13. Nd5 Kh7 14. Qd2 e5 15. Nb3 Nxd5 16. Qxd5 Nf6 17. Qa5 Be6 18. Bb6 Qd7 19. Rac1 Rac8 20. Nd2 Rc6 21. Rfd1 Qe7 22. b5 axb5 23. cxb5 Rcc8 24. Rxc8 Rxc8 25. Qa3 Bf8 26. Nb3 Qe8 27. Qa7 Qxb5 28. Qxb7 Rc6 29. Qa8 Be7 30. Be3 Ra6 31. Ba7 Qa4 32. Qb7 Rxa7 33. Qxa7 0-1

[Event "SRI-ch"]
[Site "Colombo"]
[Date "2016.05.27"]
[Round "1"]
[White "Kavinda, Akila"]
[Black "Naotunna, Dineth Nimnaka"]
[Result "1-0"]
[WhiteElo "1986"]
[BlackElo "1927"]
[PlyCount "61"]
[EventDate "2016.05.27"]
[EventType "tourn"]
[EventRounds "13"]
[EventCountry "SRI"]
[SourceTitle "CBM 172 Extra"]
[Source "ChessBase"]
[SourceDate "2016.06.21"]
[SourceVersion "1"]
[SourceVersionDate "2016.06.21"]
[SourceQuality "1"]

1. d4 Nf6 2. Nf3 d5 3. c4 dxc4 4. e3 e6 5. Bxc4 a6 6. a4 c5 7. 0-0 Nc6 8. Qe2 cxd4 9. Rd1 Be7 10. exd4 0-0 11. Nc3 Nb4 12. Ne5 b6 13. Bf4 Bb7 14. Rac1 Nbd5 15. Bd2 Bd6 16. Bd3 Nb4 17. Bb1 Rc8 18. Bg5 Be7 19. h3 Re8 20. Bxf6 Bxf6 21. Bxh7+ Kxh7 22. Qh5+ Kg8 23. Qxf7+ Kh7 24. Qxb7 Re7 25. Qe4+ Kg8 26. Ne2 Rec7 27. Rxc7 Qxc7 28. Rc1 Qb8 29. Rxc8+ Qxc8 30. Nc3 Qd8 31. b3 1-0

[Event "Asia-ch U20"]
[Site "New Delhi"]
[Date "2016.05.05"]
[Round "2"]
[White "Javanbakht, Nima"]
[Black "Naotunna, Dineth Nimnaka"]
[Result "1-0"]
[WhiteElo "2417"]
[BlackElo "1927"]
[PlyCount "71"]
[EventDate "2016.05.04"]
[EventType "swiss"]
[EventRounds "9"]
[EventCountry "IND"]
[SourceTitle "CBM 172 Extra"]
[Source "ChessBase"]
[SourceDate "2016.06.21"]
[SourceVersion "1"]
[SourceVersionDate "2016.06.21"]
[SourceQuality "1"]

1. Nf3 d5 2. c4 e6 3. b3 Nf6 4. Bb2 Be7 5. g3 0-0 6. Bg2 Nbd7 7. 0-0 b6 8. cxd5 exd5 9. Nc3 Bb7 10. d4 Ne4 11. Qc2 f5 12. Rac1 Rc8 13. Nb5 c5 14. dxc5 Rxc5 15. Qd3 Ba6 16. a4 Bxb5 17. axb5 Bf6 18. Bxf6 Ndxf6 19. Nd4 Qd7 20. b4 Rcc8 21. f3 Nd6 22. Bh3 g6 23. Rc6 Nc4 24. Nxf5 Kh8 25. Ne7 Qxh3 26. Nxc8 Ne5 27. Rxf6 Nxd3 28. Rxf8+ Kg7 29. Re8 Nb2 30. Ra1 Nc4 31. Rxa7+ Kf6 32. Ne7 Kg5 33. Nxd5 Qf5 34. h4+ Kh6 35. g4 Qxd5 36. g5+ 1-0

[Event "Asia Cup"]
[Site "Abu Dhabi"]
[Date "2016.04.04"]
[Round "8.3"]
[White "Dao, Thien Hai"]
[Black "Naotunna, Dineth Nimnaka"]
[Result "1-0"]
[WhiteElo "2481"]
[BlackElo "2022"]
[PlyCount "81"]
[EventDate "2016.03.28"]
[EventType "team-swiss"]
[EventRounds "9"]
[EventCountry "UAE"]
[SourceTitle "CBM 171 Extra"]
[Source "ChessBase"]
[SourceDate "2016.04.26"]
[SourceVersion "1"]
[SourceVersionDate "2016.04.26"]
[SourceQuality "1"]
[WhiteTeam "Vietnam"]
[BlackTeam "Sri Lanka"]
[WhiteTeamCountry "VIE"]
[BlackTeamCountry "SRI"]

1. d4 Nf6 2. c4 e6 3. Nc3 d5 4. cxd5 exd5 5. Bg5 Be7 6. e3 h6 7. Bh4 0-0 8. Bd3 Re8 9. Nge2 c6 10. 0-0 Ne4 11. Bxe7 Qxe7 12. Bxe4 dxe4 13. Ng3 f5 14. f3 exf3 15. Rxf3 Be6 16. Qd3 g6 17. e4 fxe4 18. Ncxe4 Nd7 19. Nd6 Kg7 20. Nxe8+ Rxe8 21. Re1 Nf6 22. Qd2 Nd5 23. Re5 Nf6 24. h3 Nd7 25. Re1 Nf6 26. b3 Qd8 27. Rfe3 Bf7 28. Rxe8 Nxe8 29. Qe3 Nf6 30. Qe5 Qd5 31. Qf4 b5 32. Kh2 a5 33. Rf1 Qe6 34. Rc1 a4 35. bxa4 Qxa2 36. Rxc6 Nd7 37. Rc7 Qd5 38. axb5 Qxb5 39. Ne4 Qd5 40. Nd6 Be6 41. Ne8+ 1-0

[Event "SRI-chB"]
[Site "Colombo"]
[Date "2016.03.21"]
[Round "9"]
[White "Naotunna, Dineth Nimnaka"]
[Black "Danushka, MAN"]
[Result "1-0"]
[WhiteElo "2022"]
[BlackElo "1864"]
[PlyCount "63"]
[EventDate "2016.03.12"]
[EventType "swiss"]
[EventRounds "10"]
[EventCountry "SRI"]
[SourceTitle "CBM 171 Extra"]
[Source "ChessBase"]
[SourceDate "2016.04.26"]
[SourceVersion "1"]
[SourceVersionDate "2016.04.26"]
[SourceQuality "1"]

1. d4 Nf6 2. Nf3 b6 3. e3 Bb7 4. Bd3 e6 5. 0-0 Be7 6. Nbd2 0-0 7. b3 d6 8. Bb2 Nbd7 9. c4 Rc8 10. e4 c5 11. e5 Ne8 12. Qc2 cxd4 13. exd6 Bxd6 14. Nxd4 Nef6 15. N4f3 h6 16. Ne4 Bb8 17. Rad1 Ng4 18. h3 Nge5 19. Nxe5 Nxe5 20. Qc3 f5 21. Bb1 Qh4 22. Nd6 Qf4 23. Qxe5 Qg5 24. Qg3 Qe7 25. Nxc8 Rxc8 26. Be5 f4 27. Bxf4 e5 28. Be3 Rc6 29. Be4 Rf6 30. Bxb7 Qxb7 31. Qg4 Kh7 32. Rd7 1-0

[Event "SRI-chB"]
[Site "Colombo"]
[Date "2016.03.21"]
[Round "10"]
[White "Sandeepa, Haputhanthrige N Ak"]
[Black "Naotunna, Dineth Nimnaka"]
[Result "0-1"]
[WhiteElo "1723"]
[BlackElo "2022"]
[PlyCount "43"]
[EventDate "2016.03.12"]
[EventType "swiss"]
[EventRounds "10"]
[EventCountry "SRI"]
[SourceTitle "CBM 171 Extra"]
[Source "ChessBase"]
[SourceDate "2016.04.26"]
[SourceVersion "1"]
[SourceVersionDate "2016.04.26"]
[SourceQuality "1"]

1. Nf3 d5 2. c4 c6 3. cxd5 cxd5 4. d4 Nc6 5. Nc3 Nf6 6. Bg5 Ne4 7. Bf4 e6 8. e3 Bb4 9. Rc1 0-0 10. Bd3 f5 11. h3 Bd6 12. Bxd6 Qxd6 13. 0-0 Bd7 14. Nd2 a6 15. Ncxe4 fxe4 16. Be2 Rf6 17. Qb3 b5 18. Rc5 Ne7 19. Qa3 Raf8 20. f3 Qg3 21. f4 Rf5 22. Rf2 0-1

[Event "SRI-ch"]
[Site "Malabe"]
[Date "2015.07.10"]
[Round "7"]
[White "Naotunna, Dineth Nimnaka"]
[Black "Thilakarathne, GM Harshana"]
[Result "1-0"]
[WhiteElo "1930"]
[BlackElo "1972"]
[PlyCount "85"]
[EventDate "2015.07.04"]
[EventType "tourn"]
[EventRounds "13"]
[EventCountry "SRI"]
[SourceTitle "CBM 167 Extra"]
[Source "ChessBase"]
[SourceDate "2015.09.14"]
[SourceVersion "1"]
[SourceVersionDate "2015.09.14"]
[SourceQuality "1"]

1. d4 Nf6 2. c4 e6 3. Nc3 Bb4 4. Qc2 0-0 5. Nf3 c5 6. dxc5 Bxc5 7. Bg5 Be7 8. Rd1 Nc6 9. e4 Qc7 10. Be2 a6 11. 0-0 d6 12. Rd2 h6 13. Bh4 Ne5 14. Nxe5 dxe5 15. Rfd1 g5 16. Bg3 Bd7 17. h4 Rfc8 18. hxg5 hxg5 19. Qd3 Rd8 20. Qe3 Nh7 21. Bh2 Nf8 22. Bh5 f6 23. Qf3 Kg7 24. Rd3 Ng6 25. Bxg6 Kxg6 26. Qg4 Qc6 27. Qe2 Be8 28. Rh3 Kg7 29. b3 Bg6 30. Rxd8 Rxd8 31. Rd3 Rxd3 32. Qxd3 Bb4 33. f3 Qc5+ 34. Kf1 Qd4 35. Qxd4 exd4 36. Nb1 e5 37. Ke2 g4 38. Kf2 gxf3 39. gxf3 Kf7 40. f4 Bd6 41. Nd2 Bh5 42. c5 Bc7 43. b4 1-0

[Event "SRI-chB"]
[Site "Malabe"]
[Date "2015.06.27"]
[Round "8"]
[White "Subasinghe, KRVR"]
[Black "Naotunna, Dineth Nimnaka"]
[Result "0-1"]
[WhiteElo "1835"]
[BlackElo "2006"]
[PlyCount "59"]
[EventDate "2015.06.19"]
[EventType "swiss"]
[EventRounds "10"]
[EventCountry "SRI"]
[SourceTitle "CBM 167 Extra"]
[Source "ChessBase"]
[SourceDate "2015.09.14"]
[SourceVersion "1"]
[SourceVersionDate "2015.09.14"]
[SourceQuality "1"]

1. e4 c5 2. Nf3 Nc6 3. Bb5 Nf6 4. d3 Qa5+ 5. Nc3 Nd4 6. Bc4 b5 7. Bb3 Nxb3 8. cxb3 e6 9. 0-0 b4 10. Ne2 d5 11. Ng3 Be7 12. Re1 0-0 13. a3 dxe4 14. dxe4 Ba6 15. Bg5 Rfd8 16. Qc1 bxa3 17. bxa3 Rd3 18. e5 Nd5 19. Bxe7 Nxe7 20. b4 cxb4 21. axb4 Qb6 22. Rd1 Rxd1+ 23. Qxd1 Rd8 24. Qa4 Bb5 25. Qa3 Rd3 26. Qc1 Qd8 27. h3 h6 28. Qe1 Qb6 29. Ne2 Nf5 30. Nc3 0-1

[Event "SRI-chB"]
[Site "Malabe"]
[Date "2015.06.20"]
[Round "4"]
[White "Liyanapathirana, Pasan Vindula"]
[Black "Naotunna, Dineth Nimnaka"]
[Result "1/2-1/2"]
[WhiteElo "1847"]
[BlackElo "2006"]
[PlyCount "65"]
[EventDate "2015.06.19"]
[EventType "swiss"]
[EventRounds "10"]
[EventCountry "SRI"]
[SourceTitle "CBM 167 Extra"]
[Source "ChessBase"]
[SourceDate "2015.09.14"]
[SourceVersion "1"]
[SourceVersionDate "2015.09.14"]
[SourceQuality "1"]

1. e4 c5 2. Nf3 Nc6 3. Nc3 e6 4. d4 cxd4 5. Nxd4 a6 6. Be3 Nf6 7. Nxc6 bxc6 8. e5 Nd5 9. Nxd5 cxd5 10. Bd3 d6 11. exd6 Bxd6 12. f4 Qh4+ 13. g3 Qe7 14. 0-0 0-0 15. Qe2 Bb7 16. c3 f6 17. c4 e5 18. fxe5 Bxe5 19. cxd5 Bxd5 20. Bxh7+ Kxh7 21. Qd3+ g6 22. Qxd5 Bxb2 23. Rae1 Rfd8 24. Qc4 Qd6 25. Bc5 Bd4+ 26. Qxd4 Qxd4+ 27. Bxd4 Rxd4 28. Re7+ Kh6 29. Re6 Ra4 30. Rf2 Kg7 31. Rc2 Kf7 32. Rec6 a5 33. Kg2 1/2-1/2

[Event "SRI-chB"]
[Site "Malabe"]
[Date "2015.06.20"]
[Round "3"]
[White "Naotunna, Dineth Nimnaka"]
[Black "Weerasinghe, Chamath"]
[Result "1/2-1/2"]
[WhiteElo "2006"]
[BlackElo "1825"]
[PlyCount "72"]
[EventDate "2015.06.19"]
[EventType "swiss"]
[EventRounds "10"]
[EventCountry "SRI"]
[SourceTitle "CBM 167 Extra"]
[Source "ChessBase"]
[SourceDate "2015.09.14"]
[SourceVersion "1"]
[SourceVersionDate "2015.09.14"]
[SourceQuality "1"]

1. d4 Nf6 2. c4 e6 3. Nc3 d5 4. a3 Be7 5. Bf4 c6 6. e3 Nbd7 7. Nf3 a6 8. Be2 0-0 9. h3 dxc4 10. Bxc4 b5 11. Bd3 Bb7 12. Ne5 c5 13. dxc5 Nxc5 14. 0-0 Nxd3 15. Qxd3 Qxd3 16. Nxd3 Nd5 17. Nxd5 Bxd5 18. Ne5 Rfd8 19. Rac1 Rac8 20. f3 Bd6 21. e4 Bxe5 22. Bxe5 Rxc1 23. Rxc1 Bc4 24. Bc3 f6 25. f4 Kf7 26. Kf2 g6 27. e5 f5 28. Re1 Rd3 29. Re3 Rxe3 30. Kxe3 Ke7 31. g4 Kd7 32. Kf2 Kc6 33. gxf5 gxf5 34. Kg3 Kd5 35. Kf3 Bf1 36. h4 h5 1/2-1/2

[Event "World School-ch U17 11th"]
[Site "Pattaya"]
[Date "2015.05.10"]
[Round "5"]
[White "Bayramov, Zaur"]
[Black "Naotunna, Dineth Nimnaka"]
[Result "1-0"]
[WhiteElo "2144"]
[BlackElo "2006"]
[PlyCount "93"]
[EventDate "2015.05.07"]
[EventType "swiss"]
[EventRounds "9"]
[EventCountry "THA"]
[SourceTitle "CBM 166 Extra"]
[Source "ChessBase"]
[SourceDate "2015.06.18"]
[SourceVersion "1"]
[SourceVersionDate "2015.06.18"]
[SourceQuality "1"]

1. e4 c5 2. Nf3 Nc6 3. c4 e5 4. Nc3 d6 5. g3 g6 6. Bg2 Bg7 7. d3 Nge7 8. 0-0 0-0 9. Nd5 f5 10. exf5 gxf5 11. Bg5 h6 12. Bxe7 Nxe7 13. Nh4 Kh7 14. Qh5 Nxd5 15. Qg6+ Kh8 16. Bxd5 Qe8 17. Qxd6 Rf6 18. Qxc5 f4 19. Rae1 Bh3 20. Bg2 Bxg2 21. Kxg2 Rc6 22. Qd5 Rd8 23. Qe4 Qh5 24. Nf3 Re8 25. Rg1 Rf6 26. h3 fxg3 27. fxg3 a6 28. Rgf1 Ref8 29. Nd2 Qg5 30. Rxf6 Rxf6 31. Nf3 Qh5 32. Qxb7 Qg6 33. Qe4 Qf7 34. Rf1 Qc7 35. b4 a5 36. b5 Qc5 37. Nxe5 Rxf1 38. Ng6+ Kg8 39. Kxf1 Qa3 40. Qe2 a4 41. Kg2 Qb4 42. Ne7+ Kh8 43. Nd5 Qd6 44. b6 Bd4 45. Qe8+ Kg7 46. b7 Qa3 47. Qe7+ 1-0

[Event "World ol U16"]
[Site "Gyor"]
[Date "2014.12.21"]
[Round "10.1"]
[White "Thybo, Jesper Sondergaard"]
[Black "Naotunna, Dineth Nimnaka"]
[Result "1-0"]
[WhiteElo "2255"]
[BlackElo "1947"]
[PlyCount "63"]
[EventDate "2014.12.13"]
[EventType "team-swiss"]
[EventRounds "10"]
[EventCountry "HUN"]
[SourceTitle "EXT 2016"]
[Source "ChessBase"]
[SourceDate "2015.10.08"]
[SourceVersion "1"]
[SourceVersionDate "2015.10.08"]
[SourceQuality "1"]
[WhiteTeam "Denmark"]
[BlackTeam "Sri Lanka"]
[WhiteTeamCountry "DEN"]
[BlackTeamCountry "SRI"]

1. Nf3 d5 2. d4 Nf6 3. c4 e6 4. g3 Be7 5. Bg2 0-0 6. 0-0 b6 7. cxd5 exd5 8. Nc3 Bb7 9. Bf4 Nbd7 10. Rc1 c5 11. Ne5 Re8 12. dxc5 Nxc5 13. Nd3 Nfe4 14. Nxc5 Bxc5 15. Qd3 Nxc3 16. Rxc3 Qd7 17. b4 Bd6 18. Bxd6 Qxd6 19. Rfc1 Qxb4 20. Rc7 Re7 21. Rxb7 Rxb7 22. Bxd5 Qe7 23. Qf3 Qg5 24. e3 Rbb8 25. Bxa8 Qd8 26. Bd5 Qd7 27. Qf4 Rd8 28. e4 Rf8 29. Rc7 Qe8 30. Rxa7 b5 31. a3 h6 32. Kg2 1-0

[Event "World ol U16"]
[Site "Gyor"]
[Date "2014.12.18"]
[Round "7.1"]
[White "Mesaros, Florian"]
[Black "Naotunna, Dineth Nimnaka"]
[Result "1-0"]
[WhiteElo "2370"]
[BlackElo "1947"]
[PlyCount "125"]
[EventDate "2014.12.13"]
[EventType "team-swiss"]
[EventRounds "10"]
[EventCountry "HUN"]
[SourceTitle "EXT 2016"]
[Source "ChessBase"]
[SourceDate "2015.10.08"]
[SourceVersion "1"]
[SourceVersionDate "2015.10.08"]
[SourceQuality "1"]
[WhiteTeam "Austria"]
[BlackTeam "Sri Lanka"]
[WhiteTeamCountry "AUT"]
[BlackTeamCountry "SRI"]

1. Nf3 Nf6 2. c4 e6 3. Nc3 Be7 4. d4 b6 5. e4 d6 6. Bd3 Bb7 7. 0-0 Nbd7 8. Qe2 c5 9. d5 exd5 10. exd5 0-0 11. Re1 Re8 12. Bg5 h6 13. Bh4 a6 14. a4 Qc7 15. Qc2 Rad8 16. Bf5 Bc8 17. Re3 Nf8 18. Rae1 Bxf5 19. Qxf5 N8h7 20. Ne4 Qb8 21. Ng3 Bf8 22. Nh5 Nxh5 23. Bxd8 Rxd8 24. Qxh5 Nf6 25. Qf5 Qc8 26. Qxc8 Rxc8 27. Rb3 Rb8 28. Nd2 Nd7 29. f4 g6 30. Kf2 Bg7 31. Ne4 Bf8 32. g4 Kg7 33. Nc3 a5 34. Nb5 g5 35. Na7 gxf4 36. Nc6 Rc8 37. Kf3 f6 38. Kxf4 Ne5 39. Nxe5 dxe5+ 40. Kf5 Rb8 41. Ke6 Kg6 42. Kd7 Kf7 43. Kc7 Re8 44. d6 Ra8 45. Rxb6 Ra7+ 46. Rb7 Bxd6+ 47. Kc6+ Rxb7 48. Kxb7 h5 49. gxh5 f5 50. Kc6 Bb8 51. Kxc5 e4 52. Kb6 Bxh2 53. c5 Kf6 54. c6 Kg5 55. h6 Kxh6 56. Rh1 Kg5 57. Rxh2 f4 58. c7 f3 59. c8Q e3 60. Qf8 Kg4 61. Qf6 f2 62. Rg2+ Kh3 63. Qf3+ 1-0

[Event "World ol U16"]
[Site "Gyor"]
[Date "2014.12.15"]
[Round "4.1"]
[White "Egyed, Viktoria"]
[Black "Naotunna, Dineth Nimnaka"]
[Result "1/2-1/2"]
[WhiteElo "1990"]
[BlackElo "1947"]
[PlyCount "63"]
[EventDate "2014.12.13"]
[EventType "team-swiss"]
[EventRounds "10"]
[EventCountry "HUN"]
[SourceTitle "EXT 2016"]
[Source "ChessBase"]
[SourceDate "2015.10.08"]
[SourceVersion "1"]
[SourceVersionDate "2015.10.08"]
[SourceQuality "1"]
[WhiteTeam "Hungary Girls"]
[BlackTeam "Sri Lanka"]
[WhiteTeamCountry "HUN"]
[BlackTeamCountry "SRI"]

1. e4 c5 2. c3 e6 3. d4 d5 4. e5 Qb6 5. f4 Bd7 6. Nf3 Bb5 7. Be2 Ne7 8. Na3 Bxe2 9. Qxe2 cxd4 10. Nxd4 Nec6 11. Nac2 Nxd4 12. Nxd4 Nc6 13. Be3 Nxd4 14. Bxd4 Bc5 15. Qf2 Bxd4 16. cxd4 Qb4+ 17. Qd2 Qxd2+ 18. Kxd2 Rc8 19. Rac1 Kd7 20. Rc3 Rxc3 21. bxc3 a6 22. g4 h5 23. g5 g6 24. a4 b6 25. Kc2 Rc8 26. Rb1 Kc6 27. Ra1 Kb7 28. Kb3 Rc4 29. Ra2 Rc8 30. Ra1 Rc4 31. Ra2 Rc8 32. Ra1 1/2-1/2

[Event "World ol U16"]
[Site "Gyor"]
[Date "2014.12.14"]
[Round "2.1"]
[White "Petrov, Martin"]
[Black "Naotunna, Dineth Nimnaka"]
[Result "1-0"]
[WhiteElo "2183"]
[BlackElo "1947"]
[PlyCount "69"]
[EventDate "2014.12.13"]
[EventType "team-swiss"]
[EventRounds "10"]
[EventCountry "HUN"]
[SourceTitle "EXT 2016"]
[Source "ChessBase"]
[SourceDate "2015.10.08"]
[SourceVersion "1"]
[SourceVersionDate "2015.10.08"]
[SourceQuality "1"]
[WhiteTeam "Bulgaria"]
[BlackTeam "Sri Lanka"]
[WhiteTeamCountry "BUL"]
[BlackTeamCountry "SRI"]

1. e4 c5 2. Nf3 Nc6 3. d4 cxd4 4. Nxd4 e5 5. Nb5 a6 6. Nd6+ Bxd6 7. Qxd6 Qf6 8. Qd2 Qg6 9. Nc3 Nge7 10. f4 f5 11. exf5 Nxf5 12. Bc4 Nd6 13. Bd5 e4 14. 0-0 Ne7 15. b3 Rb8 16. Ba3 Kd8 17. Rfe1 b5 18. Bxe4 Nxe4 19. Nxe4 Nf5 20. Bd6 Nxd6 21. Nxd6 Rb6 22. Rad1 Qxd6 23. Qxd6 Rxd6 24. Rxd6 Kc7 25. Rd2 Rf8 26. Re7 Rg8 27. f5 Kd8 28. f6 gxf6 29. Rxh7 Rf8 30. h4 f5 31. h5 Kc7 32. h6 Kc6 33. Rg7 Rf6 34. h7 Rh6 35. Rg6+ 1-0

[Event "Wch U14"]
[Site "Al Ain"]
[Date "2013.12.21"]
[Round "4"]
[White "Al Hamed, Saif Idrees"]
[Black "Naotunna, Dineth Nimnaka"]
[Result "0-1"]
[WhiteElo "1558"]
[BlackElo "1759"]
[PlyCount "148"]
[EventDate "2013.12.18"]
[EventType "swiss"]
[EventRounds "11"]
[EventCountry "UAE"]
[SourceTitle "CBM 158 Extra"]
[Source "ChessBase"]
[SourceDate "2014.02.28"]
[SourceVersion "1"]
[SourceVersionDate "2014.02.28"]
[SourceQuality "1"]

1. e4 d5 2. exd5 Qxd5 3. Nc3 Qa5 4. d4 Nf6 5. h3 Bf5 6. Nf3 e6 7. Bd2 c6 8. g4 Bg6 9. Ne5 Nbd7 10. Nc4 Qc7 11. Qf3 Nd5 12. Nxd5 cxd5 13. Bf4 Qc6 14. Nd2 Qxc2 15. Qb3 Qxb3 16. Nxb3 Rc8 17. Rc1 Rxc1+ 18. Nxc1 Bb4+ 19. Bd2 Bd6 20. Bd3 Bxd3 21. Nxd3 0-0 22. Ke2 Re8 23. f4 f6 24. Kf2 e5 25. dxe5 fxe5 26. fxe5 Nxe5 27. Nxe5 Bxe5 28. b3 Bd4+ 29. Kf3 Kf7 30. Rc1 Bb6 31. Bf4 Kg6 32. Rd1 d4 33. h4 Kf6 34. Bg5+ Kf7 35. Bf4 Re6 36. Rd2 Re1 37. Re2 Rxe2 38. Kxe2 Ke6 39. Kd3 Kd5 40. Bg3 Ba5 41. Bf2 Bc3 42. Bg3 a5 43. Bf2 Kc5 44. Bg3 g6 45. h5 Kb4 46. Bd6+ Kb5 47. Be7 a4 48. hxg6 hxg6 49. Bd6 Kc6 50. Be7 axb3 51. axb3 Kb5 52. g5 b6 53. Bd6 Kc6 54. Be7 Kd5 55. Bf6 Ba1 56. Bg7 Bb2 57. Bh8 b5 58. Bg7 Bc1 59. Bf6 Be3 60. Be7 Ke5 61. Bf6+ Kf5 62. b4 Bxg5 63. Bxd4 Be7 64. Bc3 g5 65. Ke3 Bf6 66. Be1 Be5 67. Kf3 Bd4 68. Kg3 Be3 69. Kf3 Bf4 70. Kg2 Ke4 71. Kh3 Kf3 72. Bc3 g4+ 73. Kh4 g3 74. Kh3 Be3 0-1